From probation to the national offender management service: issues of contestability, culture and community involvement

Guardado en:  
Detalles Bibliográficos
Autor principal: Burke, Lol (Autor)
Tipo de documento: Print Libro
Lenguaje:Inglés
Publicado: London NAPO 2005
En: Issues in community and criminal justice (6)
Año: 2005
Disponibilidad en Tübingen:Disponible en Tübingen.
UB: KB 9 E 762
Verificar disponibilidad: HBZ Gateway
Servicio de pedido Subito: Pedir ahora.

MARC

LEADER 00000cam a2200000 c 4500
001 1327166844
003 DE-627
005 20251225183450.0
007 tu
008 060920s2005 xx ||||| 00| ||eng c
020 |a 0901617210  |9 0-901617-21-0 
035 |a (DE-627)1327166844 
035 |a (DE-576)25716684X 
035 |a (DE-599)BSZ25716684X 
035 |a (OCoLC)275097476 
040 |a DE-627  |b ger  |c DE-627  |e rakwb 
041 |a eng 
082 0 |a 364.63 
100 1 |a Burke, Lol  |0 (DE-588)101719968X  |0 (DE-627)676271529  |0 (DE-576)257166327  |4 aut 
109 |a Burke, Lol 
245 1 0 |a From probation to the national offender management service  |b issues of contestability, culture and community involvement  |c Lol Burke 
264 1 |a London  |b NAPO  |c 2005 
300 |a 56 S. 
336 |a Text  |b txt  |2 rdacontent 
337 |a ohne Hilfsmittel zu benutzen  |b n  |2 rdamedia 
338 |a Band  |b nc  |2 rdacarrier 
490 1 |a Issues in community and criminal justice  |v 6 
583 1 |a Archivierung prüfen  |c 20200919  |f DE-640  |z 2  |2 pdager 
830 0 |a Issues in community and criminal justice  |v 6  |9 6  |w (DE-627)1175858013  |w (DE-576)105858013  |x 1478-3649  |7 am 
951 |a BO 
ELC |b 1 
LOK |0 000 xxxxxcx a22 zn 4500 
LOK |0 001 251645497X 
LOK |0 003 DE-627 
LOK |0 004 1327166844 
LOK |0 005 20061107125714 
LOK |0 008 060920||||||||||||||||ger||||||| 
LOK |0 040   |a DE-21  |c DE-627  |d DE-21 
LOK |0 852   |a DE-21 
LOK |0 852 1  |c KB 9 E 762  |9 00 
LOK |0 935   |a krim 
LOK |0 936ln  |a k12.14.2 
LOK |0 938   |l 07/11/06  |8 6 
LOK |0 939   |a 20-09-06  |b l01 
ORI |a SA-MARC-krimdoka001.raw 
SIG |a UB: KB 9 E 762